000 00392cam a22001457a 4500
008 180718b1945 xxu||||| |||| 00| 0 eng d
082 _aB1 M316d
100 _aManneheim, Karl
245 _aDiagnosis of our time: wartime essays of a sociologist
_cby Karl Mannheim
250 _a3rd ed.
260 _aLondon
_bKegan Paul
_c1945
300 _a180p.
500 _aRs.8.00
650 _aSociology
999 _c372927
_d372927